01812nam a22002897a 4500003000400000005001700004008004100021020001800062040001400080041000800094082001700102100003600119245008000155264003500235300006100270521044500331650003200776650001600808650002700824700003800851942001200889999001700901952015100918952015101069952015101220952015101371OSt20260318174906.0260318b ||||| |||| 00| 0 spa d a9789583063053 cCO-Mq BPB aspa a791.43bC14m aCalandra Bonaura, Giuliaeautor aMisión Cine; Crea Descubre Explora JuegabCrea, Descubre, Explora y Juega aBogotá;bPanamericana,c2021 a136 páginas bTapa dura, ilustraciones a color c23 cm aEste libro es una mezcla entre cuento, guía y libro de actividades sobre el mundo del cine. Invita a los niños a descubrir: Cómo nacieron los inventos que hicieron posible el cine Quiénes trabajan en una película Cómo se crea una historia y sus personajes Además, incluye experimentos, juegos y actividades que permiten aprender de forma práctica cómo se hace una película y qué se necesita para que sea memorable. aCine y medios audiovisuales aCreatividad aEscritura de historias aRodriguez, Edson Davidetraductor 2ddccBK c16194d16194 00102ddc4051708GENaBPMOSbBPMOScGENd2026-03-18eCompra 2025iNTl0o791.43 C14mpMOS504769r2026-03-18tEj.1w2026-03-18yBKzOcho días  00102ddc4051708GENaBPMOSbBPMOScGENd2026-03-18eCompra 2025iNTl0o791.43 C14mpMOS504770r2026-03-18tEj.2w2026-03-18yBKzOcho días  00102ddc4051708GENaBPMOSbBPMOScGENd2026-03-18eCompra 2025iNTl0o791.43 C14mpMOS504771r2026-03-18tEj.3w2026-03-18yBKzOcho días  00102ddc4051708GENaBPMOSbBPMOScGENd2026-03-18eCompra 2025iNTl0o791.43 C14mpMOS504772r2026-03-18tEj.4w2026-03-18yBKzOcho días